Fleet Foxes Lyrics - Statistics

General Stats
  • This quiz has been taken 9 times
  • The average score is 3 of 15
Answer Stats
Hint Answer % Correct
Brother, you don't need to turn me away Mykonos
86%
And, Michael, you would fall White Winter Hymnal
71%
How could it all fall in one day? If You Need To, Keep Time On Me
29%
You run with the devil Your Protector
29%
I'm going to meet my god said the child as he stood False Knight on the Road
14%
And I've known it one too many times Going-to-the-sun Road
14%
Out in the loading bay light Phoenix
14%
And the beat it goes on She Got Dressed
14%
Don't sing love songs Silver Dagger
14%
And I wonder what became of them The Shrine / An Argument
14%
So the mind won't lie Crack-up
0%
Here, as the caves of my memory fade Drops in the RIver
0%
Know the door is open know that I miss For A Week Or Two
0%
On the way to your brother's house in the valley, dear Oliver James
0%
You see only eyes behind you On Another Ocean
0%
No matching quizzes found
Score Distribution
Percent of People with Each Score
Percentile by Number Answered
Your Score History
You have not taken this quiz